=LDR 00000nam 2200000 4500 =001 000972 =005 20250712020438 =035 ##$$a 0010-0725000851 =007 ta =008 250712################a##########0#ind## =020 ##$$a 978-623-307-218-2 =082 ##$$a 398. 209 598 =084 ##$$a 398. 209 598 OKT s =100 #$$a Oktavia, Wenny =245 1#$$a Sabai Nan Aluih /$c Wenny Oktavia =250 ##$$a Cetakan Kedua =260 ##$$a Jakarta Timur :$b Badan Pengembangan dan Pembinaan Bahasa,$c 2024 =300 ##$$a 24 hlm. : $b Ilus. ; $c 29,7 cm =650 #4$$a Cerita anak Indonesia-Terjemahan =650 #4$$a Literasi-Bahan Bacaan =990 ##$$a TBM202400645